La eneida / (Registro nro. 6985)

Detalles MARC
000 -LEADER
fixed length control field 00743nam a22002537a 4500
003 - CONTROL NUMBER IDENTIFIER
control field OSt
005 - DATE AND TIME OF LATEST TRANSACTION
control field 20250702131548.0
008 - FIXED-LENGTH DATA ELEMENTS--GENERAL INFORMATION
fixed length control field 201028b1976 sp ||||er|||| 00| pdspa d
020 ## - INTERNATIONAL STANDARD BOOK NUMBER
International Standard Book Number 8423910229
040 ## - CATALOGING SOURCE
Original cataloging agency CO-JMCR
Transcribing agency CO-JMCR
041 0# - LANGUAGE CODE
Language code of text/sound track or separate title spa
082 04 - DEWEY DECIMAL CLASSIFICATION NUMBER
Classification number A-P
Item number VIRe
Edition number 23
100 1# - MAIN ENTRY--PERSONAL NAME
Personal name Virgilio Marón, Publio,
Relator term autor
9 (RLIN) 12068
245 13 - TITLE STATEMENT
Title La eneida /
Statement of responsibility, etc. Publio Virgilio Marón
250 ## - EDITION STATEMENT
Edition statement Décima edición
260 ## - PUBLICATION, DISTRIBUTION, ETC.
Place of publication, distribution, etc. Madrid :
Name of publisher, distributor, etc. Espasa-Calpe,
Date of publication, distribution, etc. 1976
300 ## - PHYSICAL DESCRIPTION
Extent 242 páginas ;
Dimensions 18 cm.
490 0# - SERIES STATEMENT
Series statement Colección Austral
Volume/sequential designation N° 1022
500 ## - GENERAL NOTE
General note Incluye datos biográficos del autor.
650 14 - SUBJECT ADDED ENTRY--TOPICAL TERM
Topical term or geographic name entry element Poesía épica latina
9 (RLIN) 12069
650 14 - SUBJECT ADDED ENTRY--TOPICAL TERM
Topical term or geographic name entry element Literatura clásica
9 (RLIN) 12070
650 14 - SUBJECT ADDED ENTRY--TOPICAL TERM
Topical term or geographic name entry element Literatura griega
9 (RLIN) 12071
942 ## - ADDED ENTRY ELEMENTS (KOHA)
Source of classification or shelving scheme Dewey Decimal Classification
Koha item type Books
Existencias
Withdrawn status Lost status Source of classification or shelving scheme Damaged status Not for loan Collection code Home library Current library Date acquired Source of acquisition Total Checkouts Total Renewals Full call number Barcode Date last seen Date last checked out Copy number Price effective from Koha item type
    Dewey Decimal Classification     Fiction Biblioteca Pública José María del Castillo y Rada Biblioteca Pública José María del Castillo y Rada 10/02/2020 Donación 1 1 A-P VIRe 201810249 07/25/2023 06/29/2023 Ej.1 10/28/2020 Books